000 00860cab a2200289 4500
001 ABS53395
008 090401t1995 xxu||||| |||| 00| 0 eng d
035 _a(Sirsi) u3912
041 _aeng
100 _aSchiller, R.
245 _aVolatility is the price for liquidity
260 _c1995
350 _a0
490 _aEstates Gazette
_v(9535) 2 September 1995, 130-131(2)
520 _aUses the London office sector to demonstrate the importance of liquidity in the commercial property market.
650 _aCENTRAL LONDON
650 _aINVESTMENT MARKET
650 _aLIQUIDITY
650 _aMARKET INTELLIGENCE
650 _aOFFICE SECTOR
650 _aPROPERTY INFORMATION
650 _aRENTAL VALUES
650 _aVOLATILITY
690 _aPROPERTY-COMMERCIAL PROPERTY-COMMERCIAL PROPERTY MARKET
942 _n0
948 _c04/03/1997
999 _c2357
_d2357